[Event "ROM Team Ch"]
[Site "Romania"]
[Date "1993.??.??"]
[Round "4"]
[White "Piskov, Yury"]
[Black "Radovici, Corvin"]
[Result "1/2-1/2"]
[WhiteElo "2520"]
[BlackElo "2370"]
[PlyCount "51"]
[EventDate "1993.??.??"]
[Source "www.chesslib.no"]
[SourceDate "2004.05.04"]

1. d4 Nf6 2. c4 d6 3. Nc3 Bf5 4. Bg5 Nbd7 5. f3 e5 6. e4 exd4 7. Qxd4 Be6 8. f4 h6 9. Bh4 Nb8 10. Bxf6 gxf6 11. f5 Nc6 12. Qf2 Bd7 13. Nd5 Ne5 14. Qh4 Be7 15. Nf3 c6 16. Nxe5 dxe5 17. Nxe7 Qa5+ 18. Kf2 Qb6+ 19. Kf3 Kxe7 20. Be2 c5 21. Rhd1 Bc6 22. b3 a5 23. Rd3 Rad8 24. Rxd8 Rxd8 25. Rd1 Rxd1 26. Bxd1 1/2-1/2

[Event "Magistral"]
[Site "Cullera"]
[Date "2004.07.26"]
[Round "6.5"]
[White "Camarena Gimenez, Rufino"]
[Black "Hernandez, Gilberto"]
[Result "0-1"]
[WhiteElo "2348"]
[BlackElo "2530"]
[PlyCount "90"]
[EventDate "2004.07.??"]
[Source "Roberto Alvarez"]
[SourceDate "2003.08.04"]

1. d4 Nf6 2. c4 d6 3. Nc3 Bf5 4. f3 e5 5. d5 e4 6. Qd4 c5 7. Qf2 h5 8. Bg5 Be7 9. h4 Nbd7 10. e3 Ne5 11. Qc2 O-O 12. O-O-O a6 13. fxe4 Bg4 14. Be2 b5 15. Nf3 Nfd7 16. Rdf1 bxc4 17. Bf4 Bf6 18. Bg5 Re8 19. Nxe5 Rxe5 20. Bxg4 hxg4 21. Qe2 Bxg5 22. hxg5 Qxg5 23. Rf4 Nf6 24. Qxc4 Nh5 25. Rhf1 Re7 26. e5 Rxe5 27. Rxf7 Rxe3 28. Kc2 Nf6 29. Rb7 Qg6+ 30. Kb3 Ne4 31. Rd1 Nxc3 32. bxc3 Re4 33. Qf1 c4+ 34. Ka3 Rf8 35. Qg1 Qf6 36. Rc1 Qe5 37. Qa7 Re2 38. Rd7 Rxg2 39. Re7 Qf6 40. Qd7 g3 41. Re3 Rxa2+ 42. Kb4 Rb8+ 43. Kxc4 Ra4+ 44. Kd3 Qg6+ 45. Kd2 Ra2+ 0-1

[Event "Cappelle Open"]
[Site "Cappelle la Grande FRA"]
[Date "1995.??.??"]
[Round "8"]
[White "Raetsky, Alexander"]
[Black "Bielczyk, Jacek"]
[Result "1/2-1/2"]
[WhiteElo "2510"]
[BlackElo "2365"]
[PlyCount "106"]
[EventDate "1995.03.??"]
[Source "www.chesslib.no"]
[SourceDate "2004.05.04"]

1. d4 Nf6 2. c4 d6 3. Nc3 Bf5 4. f3 e5 5. e4 exd4 6. Qxd4 Nc6 7. Qd2 Be6 8. b3 Be7 9. Nge2 O-O 10. Nf4 Nd7 11. Be2 Bh4+ 12. g3 Bf6 13. O-O Nc5 14. Rb1 a5 15. Nb5 Qd7 16. Nh5 Bd8 17. Bb2 f6 18. Nf4 f5 19. Nxe6 Qxe6 20. exf5 Qxf5 21. Rbd1 Rf7 22. f4 Bf6 23. Bxf6 Qxf6 24. Bf3 Re7 25. Rfe1 Rae8 26. Nxc7 Qd4+ 27. Qxd4 Rxe1+ 28. Rxe1 Rxe1+ 29. Kf2 Nxd4 30. Bd5+ Kf8 31. Kxe1 Nc2+ 32. Kd2 Nb4 33. a3 Nxd5 34. cxd5 Nxb3+ 35. Kc3 Nc5 36. Kc4 Ke7 37. Kb5 a4 38. Kb4 h5 39. Nb5 h4 40. gxh4 Nd3+ 41. Kxa4 Nxf4 42. Nc3 Kf6 43. Kb5 Ke5 44. Kb6 Nxd5+ 45. Nxd5 Kxd5 46. a4 Ke6 47. a5 d5 48. Kxb7 d4 49. a6 d3 50. a7 d2 51. a8=Q d1=Q 52. Qa2+ Qd5+ 53. Qxd5+ Kxd5 1/2-1/2

[Event "POL Team Ch"]
[Site "Lubniewice POL"]
[Date "1995.??.??"]
[Round "2"]
[White "Chekhov, Valery A"]
[Black "Bielczyk, Jacek"]
[Result "1-0"]
[WhiteElo "2500"]
[BlackElo "2365"]
[PlyCount "83"]
[EventDate "1995.??.??"]
[Source "www.chesslib.no"]
[SourceDate "2004.05.04"]

1. d4 Nf6 2. c4 d6 3. Nc3 Bf5 4. Qb3 Qc8 5. g3 e5 6. Nf3 Nbd7 7. Bg2 c6 8. O-O Be7 9. c5 O-O 10. cxd6 Bxd6 11. Bg5 exd4 12. Nxd4 Nc5 13. Qd1 Be5 14. f4 Bxd4+ 15. Qxd4 Ne6 16. Qe5 Ng4 17. Qxf5 Ne3 18. Qd3 Nxf1 19. Rxf1 Nxg5 20. fxg5 Qd8 21. Be4 g6 22. Qxd8 Raxd8 23. Bd3 Kg7 24. Ne4 Rfe8 25. h4 Re5 26. Rf4 a6 27. Kf2 c5 28. Bc4 Rf5 29. Bd3 Re5 30. a4 Rd4 31. Nd2 Rb4 32. Rxb4 cxb4 33. Nc4 Re6 34. a5 f6 35. e4 h6 36. gxf6+ Rxf6+ 37. Ke3 g5 38. e5 Rf8 39. hxg5 hxg5 40. Be4 Rc8 41. Kd4 Rc7 42. Nd6 1-0

[Event "5th Montenegro Open"]
[Site "Sozina"]
[Date "2004.02.25"]
[Round "8"]
[White "Vlatkovic, Milos"]
[Black "Markovic, Miroslav"]
[Result "0-1"]
[WhiteElo "2310"]
[BlackElo "2554"]
[PlyCount "84"]
[EventDate "2004.02.18"]
[Source "Roberto Alvarez"]
[SourceDate "2004.03.01"]

1. d4 Nf6 2. c4 d6 3. Nc3 Bf5 4. g3 c6 5. Bg2 Nbd7 6. Nf3 e5 7. Nh4 Bg4 8. h3 Bh5 9. d5 cxd5 10. cxd5 Be7 11. Nf5 O-O 12. g4 Bg6 13. e4 Bxf5 14. exf5 Ne8 15. Qf3 h6 16. Be3 Rc8 17. O-O Nb6 18. b3 Bg5 19. Rac1 Bxe3 20. Qxe3 Nf6 21. a4 a6 22. Qd2 Nbd7 23. Rb1 Qb6 24. Rfc1 Rfe8 25. Nd1 e4 26. Ne3 Rxc1+ 27. Qxc1 Ne5 28. Qc3 Nd3 29. Rf1 Nf4 30. Qc4 Nd3 31. Qc3 Nc5 32. b4 Nd3 33. a5 Qb5 34. Rd1 Nf4 35. Qc4 Qd7 36. Rc1 Nd3 37. Rc2 Qa4 38. Ra2 Qd7 39. Rc2 Qe7 40. Qd4 Nf4 41. Nf1 h5 42. Qe3 Qe5 0-1

[Event "Chesspangenberg"]
[Site "Buenos Aires"]
[Date "2003.11.06"]
[Round "3.3"]
[White "Sorin, Ariel"]
[Black "Garcia, Raimundo"]
[Result "1-0"]
[WhiteElo "2512"]
[BlackElo "2347"]
[PlyCount "65"]
[EventDate "2003.11.04"]
[Source "Roberto Alvarez"]
[SourceDate "2003.11.17"]

1. d4 Nf6 2. c4 d6 3. Nc3 Bf5 4. f3 e5 5. e4 exd4 6. Qxd4 Nc6 7. Qd2 Be6 8. b3 g6 9. Bb2 Bg7 10. Nge2 O-O 11. Ng3 a5 12. Be2 Nd7 13. O-O Nd4 14. Bd1 c6 15. Na4 c5 16. Ne2 Nxe2+ 17. Bxe2 Bxb2 18. Nxb2 Ra6 19. f4 f6 20. Rad1 Qe7 21. Na4 Nb6 22. Nc3 Nc8 23. f5 Bf7 24. Qh6 g5 25. h4 gxh4 26. Rf4 Kh8 27. Rxh4 Bg8 28. Rg4 Nb6 29. Rxd6 Rf7 30. Rxb6 Rxb6 31. Nd5 Qd7 32. Nf4 Rg7 33. Rxg7 1-0

[Event "7th Rohde Open"]
[Site "Sautron FRA"]
[Date "2007.11.03"]
[Round "9"]
[White "Kozakov, M."]
[Black "Shirazi, K."]
[Result "1/2-1/2"]
[WhiteElo "2449"]
[BlackElo "2408"]
[PlyCount "156"]
[EventDate "2007.10.27"]
[Source "www.chesslib.no"]
[SourceDate "2004.05.04"]

1. d4 Nf6 2. c4 d6 3. Nc3 Bf5 4. g3 e5 5. Nf3 Ne4 6. Bg2 Nxc3 7. bxc3 Nc6 8. O-O Be7 9. Ba3 exd4 10. cxd4 O-O 11. d5 Na5 12. Nd4 Bd7 13. Qc2 c5 14. dxc6 bxc6 15. Rad1 Rb8 16. Nb3 c5 17. Qc3 Nxb3 18. axb3 Qb6 19. Rd3 Bf5 20. e4 Bf6 21. Qd2 Be6 22. Rc1 Qa6 23. Bb2 Bxb2 24. Qxb2 Bxc4 25. Re3 Be6 26. Bf1 Qc6 27. Bc4 Rfe8 28. Qd2 Bxc4 29. Rxc4 h5 30. h4 Re6 31. Qc2 Qb7 32. Qe2 g6 33. Qd3 Rbe8 34. Ra4 a5 35. Kh2 Qc6 36. Qc4 Qb6 37. Qc3 Qb7 38. Qxa5 d5 39. Qxc5 dxe4 40. Ra7 Qb8 41. Rc7 Qd8 42. Qc4 Rf6 43. Kg2 Rf5 44. Rc5 Rxc5 45. Qxc5 Qf6 46. b4 Re5 47. Qd4 Qf5 48. Ra3 Kh7 49. Re3 Re6 50. Rc3 Re5 51. Qe3 Kg7 52. Rc7 Rb5 53. Qd4+ Qe5 54. Qc4 Qd5 55. Rc8 Qxc4 56. Rxc4 Re5 57. Rc3 Rb5 58. Rc4 Re5 59. Rc3 Rb5 60. Rb3 Kf6 61. Kf1 Ke5 62. Ke2 Kd4 63. Rb1 f6 64. Rd1+ Ke5 65. Rb1 Kd4 66. Rd1+ Ke5 67. Rb1 g5 68. hxg5 fxg5 69. Ke3 Kf5 70. f3 exf3 71. Kxf3 Ke5 72. Ke3 Kd5 73. Rh1 Rxb4 74. Rxh5 Rb3+ 75. Kf2 Ke4 76. Rxg5 Rb2+ 77. Ke1 Ke3 78. Kd1 Rg2 1/2-1/2

[Event "open"]
[Site "Kavala"]
[Date "2004.08.07"]
[Round "9"]
[White "Kapnisis, Spyridon"]
[Black "Nikolov, Sasho"]
[Result "1-0"]
[WhiteElo "2429"]
[BlackElo "2419"]
[PlyCount "65"]
[EventDate "2004.07.31"]
[Source "Roberto Alvarez"]
[SourceDate "2004.08.17"]

1. d4 Nf6 2. c4 d6 3. Nc3 Bf5 4. Bg5 Nbd7 5. f3 e5 6. e4 exd4 7. Qxd4 Be6 8. b3 Be7 9. Nge2 O-O 10. Qd2 c6 11. Nd4 a6 12. Be2 Rc8 13. Bf4 Ne5 14. a4 a5 15. O-O Nfd7 16. Be3 g5 17. h4 h6 18. hxg5 hxg5 19. g3 Ng6 20. f4 Bh3 21. Rf2 Nf6 22. Rh2 Bd7 23. f5 Ne5 24. Bxg5 Nh7 25. Bf4 f6 26. Kg2 Nf7 27. Rah1 Nhg5 28. Bh5 Kg7 29. Bxf7 Kxf7 30. Bxg5 fxg5 31. Qe2 Bf6 32. Rh7+ Kg8 33. Qh5 1-0

[Event "3rd Savaria Summer Open"]
[Site "Szombathely"]
[Date "2003.07.27"]
[Round "9"]
[White "Zimmerman, Yuri"]
[Black "Markovic, Miros"]
[Result "1/2-1/2"]
[WhiteElo "2320"]
[BlackElo "2525"]
[PlyCount "76"]
[EventDate "2003.07.19"]
[Source "Roberto Alvarez"]
[SourceDate "2003.07.28"]

1. d4 Nf6 2. c4 d6 3. Nc3 Bf5 4. f3 e5 5. e4 exd4 6. Nd5 Be6 7. Qxd4 Nbd7 8. Bg5 c6 9. Nxf6+ gxf6 10. O-O-O fxg5 11. Qxh8 Qa5 12. Kb1 Ne5 13. Ne2 O-O-O 14. Nd4 Be7 15. Qg7 Bd7 16. Nb3 Qc7 17. h4 gxh4 18. Qxh7 a5 19. f4 Ng4 20. Qxf7 Re8 21. Rd2 a4 22. Nd4 Qa5 23. Nf3 a3 24. Bd3 Qd8 25. c5 d5 26. exd5 Rf8 27. Qg6 cxd5 28. Qb6 Rxf4 29. Qxd8+ Bxd8 30. Nxh4 Nf2 31. g3 Nxh1 32. gxf4 Bxh4 33. Rh2 Nf2 34. Bc2 Bg3 35. Rg2 Bh4 36. Rh2 Bg3 37. Rg2 Bh4 38. Rh2 Bg3 1/2-1/2

[Event "Rilton Cup"]
[Site "Rilton Cup Stockholm"]
[Date "1980.??.??"]
[Round "?"]
[White "Petursson, Margeir"]
[Black "Schussler, Harry"]
[Result "1/2-1/2"]
[WhiteElo "2425"]
[BlackElo "2420"]
[PlyCount "74"]
[EventDate "1980.??.??"]
[Source "www.chesslib.no"]
[SourceDate "2004.05.04"]

1. d4 Nf6 2. c4 d6 3. Nc3 Bf5 4. f3 e5 5. e4 exd4 6. Qxd4 Nc6 7. Qd2 Bg6 8. b3 Be7 9. Nh3 Nd7 10. Be2 O-O 11. O-O Bf6 12. Bb2 Bd4+ 13. Kh1 f5 14. Nf2 Nde5 15. b4 Re8 16. Na4 Qb8 17. c5 Bxc5 18. Bd4 d5 19. Qd3 Rf8 20. b5 Nxd4 21. Qc4 Ng4 22. Qxc5 c6 23. Qb6 axb6 24. Rad1 cxb5 25. Nb2 Qf4 26. Rfe1 Nc6 27. Rd4 Nce5 28. Rdd1 Rae8 29. Rd4 Nf7 30. Rf1 Qd6 31. Nbd1 Qg3 32. e5 Rb8 33. Rxd5 Rfd8 34. Rc5 Nd6 35. Rxb5 Nc8 36. Rb2 Rd6 37. Rb5 Qxg2+ 1/2-1/2

[Event "New York USA"]
[Site "?"]
[Date "1991.??.??"]
[Round "?"]
[White "Zaltsman Vitaly F"]
[Black "Shirazi Kamran G"]
[Result "0-1"]
[WhiteElo "2450"]
[BlackElo "2390"]
[PlyCount "90"]
[EventDate "1991.??.??"]
[Source "www.chesslib.no"]
[SourceDate "2004.05.04"]

1. d4 Nf6 2. c4 d6 3. Nc3 Bf5 4. Nf3 g6 5. Ng5 Bg7 6. e4 Bg4 7. Be2 Bxe2 8. Qxe2 Nc6 9. d5 Nd4 10. Qd1 c5 11. Nf3 Nd7 12. O-O O-O 13. Nxd4 cxd4 14. Ne2 Qb6 15. Rb1 Rfc8 16. b3 Rxc4 17. Bb2 Rb4 18. Kh1 d3 19. Ng3 Bxb2 20. Rxb2 Nc5 21. f3 Rc8 22. Qd2 a5 23. Qg5 f6 24. Qg4 Qd8 25. Rd2 a4 26. bxa4 Rxa4 27. Nf5 Rca8 28. Rff2 Qd7 29. Qg3 Kh8 30. Ne3 Qb5 31. h4 Rxa2 32. Rxa2 Rxa2 33. Rxa2 Qb1+ 34. Kh2 Qxa2 35. Qg4 Qa8 36. h5 Qf8 37. Kg1 Qh6 38. Kf2 Qxh5 39. Qc8+ Kg7 40. Qe8 Qe5 41. Ng4 Nxe4+ 42. Ke3 Qg5+ 43. f4 Qxg4 44. Qxe7+ Kh6 45. Qxe4 Qe2+ 0-1

[Event "Vrsac op"]
[Site "Vrsac"]
[Date "2000.??.??"]
[Round "8.13"]
[White "Sahovic, Dragutin"]
[Black "Jovic, Stanoje"]
[Result "1-0"]
[WhiteElo "2467"]
[BlackElo "2372"]
[PlyCount "43"]
[EventDate "2000.07.??"]
[Source "www.chesslib.no"]
[SourceDate "2004.05.04"]

1. d4 Nf6 2. c4 d6 3. Nc3 Bf5 4. Nf3 c6 5. g3 Qc7 6. Bg2 e5 7. d5 Be7 8. Nh4 Bc8 9. O-O O-O 10. e4 a5 11. h3 Na6 12. Be3 Nc5 13. a3 Bd7 14. Nf5 Bxf5 15. exf5 Nfd7 16. b3 Bf6 17. Rb1 Rfc8 18. b4 axb4 19. axb4 Na6 20. dxc6 bxc6 21. b5 e4 22. Nxe4 1-0

[Event "77. ch-city"]
[Site "?"]
[Date "2004.04.04"]
[Round "4"]
[White "Lugovoi Aleksei"]
[Black "Feofanov Denis"]
[Result "1-0"]
[WhiteElo "2554"]
[BlackElo "2281"]
[PlyCount "83"]
[EventDate "2004.??.??"]
[Source "www.chesslib.no"]
[SourceDate "2004.05.04"]

1. d4 Nf6 2. c4 d6 3. Nc3 Bf5 4. Nf3 c6 5. Nh4 Bd7 6. e4 e5 7. Nf3 Bg4 8. Be2 Nbd7 9. O-O Be7 10. Be3 O-O 11. Rb1 Ne8 12. Qd2 h6 13. Rfd1 a6 14. b4 Rb8 15. h3 Bxf3 16. Bxf3 Bg5 17. Bxg5 Qxg5 18. dxe5 Nxe5 19. Be2 Qxd2 20. Rxd2 g5 21. a4 Rc8 22. a5 Rc7 23. Rb3 f5 24. exf5 Rxf5 25. Ne4 Nf7 26. Bh5 Kg7 27. Re3 Nf6 28. Ng3 Rf4 29. Re6 d5 30. cxd5 Nxd5 31. Bf3 Rxb4 32. Nf5+ Kh7 33. Be4 Nf4 34. Re8 Ng6 35. h4 h5 36. f3 Rb5 37. Nd4 Rxa5 38. Ne6 Ra1+ 39. Kf2 Nd6 40. Rxd6 Ra2+ 41. Kg1 Ra1+ 42. Kh2 1-0

[Event "Hlohovec Open"]
[Site "Hlohovec"]
[Date "1994.??.??"]
[Round "?"]
[White "Zagorskis, Darius"]
[Black "Bielczyk, Jacek"]
[Result "1/2-1/2"]
[WhiteElo "2450"]
[BlackElo "2380"]
[PlyCount "56"]
[EventDate "1994.??.??"]
[Source "www.chesslib.no"]
[SourceDate "2004.05.04"]

1. d4 Nf6 2. c4 d6 3. Nc3 Bf5 4. Nf3 g6 5. Nh4 Bd7 6. e4 e5 7. Nf3 exd4 8. Nxd4 Bg7 9. Be2 O-O 10. O-O Nc6 11. Nc2 Re8 12. f3 Nh5 13. g4 Be5 14. Rf2 Nf4 15. Bf1 Ne7 16. Be3 b6 17. Qd2 g5 18. h4 Neg6 19. h5 Nf8 20. Nd4 N8e6 21. Nb3 h6 22. Rd1 c5 23. Nc1 Rf8 24. Nd3 Nxd3 25. Qxd3 Bc6 26. Nd5 Bxd5 27. cxd5 Nd4 28. Kg2 Bf4 1/2-1/2

[Event "New York USA"]
[Site "?"]
[Date "1991.??.??"]
[Round "?"]
[White "Bonin Jay R"]
[Black "Shirazi Kamran G"]
[Result "0-1"]
[WhiteElo "2435"]
[BlackElo "2390"]
[PlyCount "80"]
[EventDate "1991.??.??"]
[Source "www.chesslib.no"]
[SourceDate "2004.05.04"]

1. d4 Nf6 2. c4 d6 3. Nc3 Bf5 4. Nf3 g6 5. Ng5 Bg7 6. e4 Bg4 7. Be2 Bxe2 8. Qxe2 Nc6 9. e5 Nxd4 10. exf6 Nxe2 11. fxg7 Rg8 12. Kxe2 Rxg7 13. Rd1 Qd7 14. Kf1 O-O-O 15. Be3 Kb8 16. c5 h6 17. Nf3 g5 18. Rac1 f5 19. a4 f4 20. Bd4 g4 21. Ne5 Qe8 22. Nb5 c6 23. cxd6 exd6 24. Bxa7+ Ka8 25. Bb6 cxb5 26. Bxd8 Qxd8 27. axb5 Kb8 28. Rd5 g3 29. h3 Qb6 30. Nd3 Rg5 31. Rxg5 hxg5 32. Rc3 Qxb5 33. fxg3 fxg3 34. Ke2 Qf5 35. Ke3 d5 36. Kd4 Qe4+ 37. Kc5 Qxg2 38. Kd6 d4 39. Rc4 Qc6+ 40. Rxc6 bxc6 0-1

[Event "Gelsenkirchen op"]
[Site "Gelsenkirchen"]
[Date "2000.??.??"]
[Round "6"]
[White "Bosch, Jeroen"]
[Black "Machelett, Heiko"]
[Result "1/2-1/2"]
[WhiteElo "2415"]
[BlackElo "2387"]
[PlyCount "24"]
[EventDate "2000.??.??"]
[Source "www.chesslib.no"]
[SourceDate "2004.05.04"]

1. d4 Nf6 2. c4 d6 3. Nc3 Bf5 4. g3 Ne4 5. Nxe4 Bxe4 6. f3 Bf5 7. e4 Bd7 8. Ne2 g6 9. Be3 Bg7 10. Qd2 O-O 11. Bg2 c5 12. dxc5 Be6 1/2-1/2

[Event "Premier League"]
[Site "?"]
[Date "2004.09.25"]
[Round "1"]
[White "Paunovic Tomislav"]
[Black "Martinovic Slobodan"]
[Result "1/2-1/2"]
[WhiteElo "2351"]
[BlackElo "2443"]
[PlyCount "26"]
[EventDate "2004.??.??"]
[Source "www.chesslib.no"]
[SourceDate "2004.05.04"]

1. d4 Nf6 2. c4 d6 3. Nc3 Bf5 4. f3 e5 5. e4 exd4 6. Qxd4 Be6 7. Be3 g6 8. Qd2 Bg7 9. b3 O-O 10. Nge2 a5 11. Nd4 Nc6 12. Be2 Re8 13. O-O Bd7 1/2-1/2

[Event "Wichern op 5th"]
[Site "Hamburg"]
[Date "1999.10.19"]
[Round "6.24"]
[White "Nogly, Christoph"]
[Black "Georgiev, Vladimir"]
[Result "1/2-1/2"]
[WhiteElo "2273"]
[BlackElo "2519"]
[PlyCount "127"]
[EventDate "1999.10.15"]
[Source "www.chesslib.no"]
[SourceDate "2004.05.04"]

1. d4 Nf6 2. c4 d6 3. Nc3 Bf5 4. g3 Ne4 5. Qd3 d5 6. cxd5 Nxc3 7. Qxf5 Nxd5 8. a3 e6 9. Qd3 c5 10. dxc5 Bxc5 11. e4 Nb6 12. Qxd8+ Kxd8 13. Nf3 a5 14. Bb5 Ke7 15. Ke2 Rc8 16. Rd1 N8d7 17. Bd2 a4 18. Rac1 f6 19. Rc3 Bd6 20. Bxd7 Rxc3 21. Bxc3 Nxd7 22. Rc1 Ra6 23. Bd4 e5 24. Be3 Ra5 25. Ne1 g6 26. Nd3 f5 27. f3 Ke6 28. Rc4 Ra6 29. Bd2 Nf6 30. Bb4 fxe4 31. fxe4 b5 32. Nc5+ Bxc5 33. Rxc5 Nxe4 34. Rxb5 h5 35. Bc3 Nxc3+ 36. bxc3 Kf5 37. c4 Ke4 38. c5 Kd4 39. Rb6 Ra5 40. c6 Rc5 41. Rb4+ Kd5 42. Rxa4 Rxc6 43. Kd3 Rc5 44. h3 Rc1 45. Ra5+ Ke6 46. g4 Kf6 47. gxh5 gxh5 48. Ra6+ Kf5 49. Rh6 Ra1 50. Rxh5+ Kf4 51. a4 Ra2 52. Kc3 e4 53. Kb3 Rd2 54. Rh8 e3 55. Rf8+ Kg3 56. a5 e2 57. Re8 Kf2 58. Kc4 Rd8 59. Re7 e1=Q 60. Rxe1 Kxe1 61. a6 Kd2 62. Kc5 Kd3 63. a7 Ke4 64. Kc6 1/2-1/2

[Event "Saitek US Masters"]
[Site "Hawaii"]
[Date "1998.07.24"]
[Round "4"]
[White "Saidy, Anthony Fred"]
[Black "Whitehead, Jay E"]
[Result "1-0"]
[WhiteElo "2380"]
[BlackElo "2410"]
[PlyCount "107"]
[EventDate "1998.07.??"]
[Source "www.chesslib.no"]
[SourceDate "2004.05.04"]

1. d4 Nf6 2. c4 d6 3. Nc3 Bf5 4. Bg5 Nbd7 5. f3 h6 6. e4 Bh7 7. Be3 e5 8. d5 Be7 9. Nh3 O-O 10. Bd3 c6 11. O-O a6 12. Qd2 cxd5 13. cxd5 Nc5 14. Be2 a5 15. Bb5 Nfd7 16. g4 h5 17. gxh5 f5 18. Qg2 Kh8 19. Bxd7 Qxd7 20. Bxc5 dxc5 21. a4 c4 22. Ng5 Bg8 23. Kh1 Bc5 24. Rad1 Rf6 25. Qe2 Rc8 26. Nb5 Rh6 27. exf5 Qxf5 28. Ne4 Qxh5 29. Nxc5 Rxc5 30. d6 Rc8 31. Rd2 Be6 32. Rg1 Bd7 33. Qg2 Rh7 34. Nc3 Rf8 35. Rf2 Bc6 36. Ne4 Qh3 37. Ng5 Qxg2+ 38. Kxg2 Rh4 39. Kg3 Rhf4 40. Rd1 Bxa4 41. Rd5 e4 42. d7 Bxd7 43. Rxd7 e3 44. Re2 R4f5 45. h4 Rb5 46. Re7 Rb3 47. R7xe3 Rxe3 48. Rxe3 b5 49. Re5 Rb8 50. Nf7+ Kh7 51. Nd6 b4 52. Rxa5 c3 53. bxc3 b3 54. Rb5 1-0

[Event "DEN Team Ch 9900"]
[Site "?"]
[Date "2000.??.??"]
[Round "6"]
[White "Pedersen Nicolai Vesterbaek"]
[Black "Kristiansen Jens"]
[Result "1-0"]
[WhiteElo "2352"]
[BlackElo "2435"]
[PlyCount "85"]
[EventDate "2000.??.??"]
[Source "www.chesslib.no"]
[SourceDate "2004.05.04"]

1. d4 Nf6 2. c4 d6 3. Nc3 Bf5 4. Bg5 Nbd7 5. e3 c6 6. Nf3 h6 7. Bh4 e5 8. Bd3 Bxd3 9. Qxd3 Be7 10. O-O-O exd4 11. Nxd4 Ne5 12. Qc2 Qd7 13. f4 Ng6 14. Bg3 Qc8 15. e4 O-O 16. Nf5 Rd8 17. Nxe7+ Nxe7 18. f5 Ne8 19. Bh4 f6 20. g4 Rd7 21. Bg3 Qd8 22. h4 Nc8 23. Bf4 Qe7 24. Rhg1 Nb6 25. g5 fxg5 26. hxg5 hxg5 27. Rxg5 Qf7 28. b3 a5 29. Qh2 a4 30. Rh5 Kf8 31. Rh8+ Ke7 32. Bg5+ Nf6 33. e5 Rxh8 34. exf6+ gxf6 35. Qxh8 Rd8 36. Re1+ Kd7 37. Qxf6 Qxf6 38. Bxf6 Rf8 39. Re7+ Kc8 40. Ne4 axb3 41. axb3 d5 42. Nd6+ Kb8 43. Rxb7+ 1-0

[Event "Independence Day women"]
[Site "?"]
[Date "2005.10.18"]
[Round "4"]
[White "Javakhishvili Lela"]
[Black "Muzychuk Anna"]
[Result "1-0"]
[WhiteElo "2410"]
[BlackElo "2373"]
[PlyCount "77"]
[EventDate "2005.??.??"]
[Source "www.chesslib.no"]
[SourceDate "2004.05.04"]

1. d4 Nf6 2. c4 d6 3. Nc3 Bf5 4. f3 e5 5. e4 exd4 6. Qxd4 Be6 7. b3 g6 8. Nge2 Bg7 9. Qd2 O-O 10. Bb2 Nbd7 11. g4 Ne5 12. Bg2 Nfd7 13. O-O Nc5 14. h3 Bxc4 15. bxc4 Nxc4 16. Qc2 Ne3 17. Qd2 Nc4 18. Qc2 Ne3 19. Qb1 Nxf1 20. Kxf1 c6 21. Qc2 b5 22. Rd1 a5 23. f4 Qe7 24. e5 dxe5 25. Bxc6 Rac8 26. Nd5 Qa7 27. Bxb5 f5 28. gxf5 gxf5 29. Ng3 Ne4 30. Qg2 Rb8 31. a4 Nxg3+ 32. Qxg3 exf4 33. Nxf4 Rf7 34. Ne6 f4 35. Qg4 h5 36. Qg2 Qe7 37. Nxg7 f3 38. Qg3 Rxb5 39. Nf5+ 1-0

[Event "Ch URS team"]
[Site "Volgograd RUS"]
[Date "1985.??.??"]
[Round "?"]
[White "Asanov, Bolat"]
[Black "Imanaliev, T."]
[Result "0-1"]
[WhiteElo "2385"]
[BlackElo "2385"]
[PlyCount "46"]
[EventDate "1985.??.??"]
[Source "www.chesslib.no"]
[SourceDate "2004.05.04"]

1. d4 Nf6 2. c4 d6 3. Nc3 Bf5 4. g3 e5 5. Nf3 Nc6 6. d5 Ne7 7. Bg2 g6 8. O-O Bg7 9. Nh4 Bd7 10. e4 O-O 11. f4 exf4 12. gxf4 c6 13. Be3 Ng4 14. Bd4 Nxd5 15. Bxg7 Qxh4 16. h3 Nde3 17. Qd3 Kxg7 18. hxg4 Nxg4 19. Rf3 Qh2+ 20. Kf1 Nf6 21. Qd2 Bg4 22. Rf2 Bh3 23. Rd1 Ng4 0-1

[Event "Pola CRO"]
[Site "?"]
[Date "2005.06.22"]
[Round "5.10"]
[White "Cebalo Miso"]
[Black "Sutkovic Damir"]
[Result "1-0"]
[WhiteElo "2507"]
[BlackElo "2251"]
[PlyCount "119"]
[EventDate "2005.??.??"]
[Source "www.chesslib.no"]
[SourceDate "2004.05.04"]

1. d4 Nf6 2. c4 d6 3. Nc3 Bf5 4. h3 e5 5. dxe5 dxe5 6. Qxd8+ Kxd8 7. Bg5 Be7 8. O-O-O+ Nfd7 9. Nf3 f6 10. Bh4 g5 11. Bg3 Nc6 12. e3 Kc8 13. Be2 a5 14. Ne1 h5 15. Nd5 Bd6 16. Bd3 Bxd3 17. Nxd3 h4 18. Bh2 Nb4 19. Nc3 Nxd3+ 20. Rxd3 Nc5 21. Rd5 Ra6 22. Rhd1 Rd8 23. Kc2 Be7 24. Rxd8+ Bxd8 25. f4 exf4 26. exf4 Re6 27. f5 Re3 28. Bg1 Re5 29. Rd5 Rxd5 30. cxd5 Be7 31. Bxc5 Bxc5 32. Kd3 Bd6 33. Ne4 Be5 34. b3 b6 35. Kc4 Kb7 36. Kb5 Bb2 37. Nf2 Bd4 38. Nd3 Ba1 39. b4 axb4 40. Nxb4 Bb2 41. a4 Be5 42. Nc6 Bc3 43. Ne7 Be5 44. a5 bxa5 45. Kxa5 Bd6 46. Ng8 Be5 47. Kb5 Bb2 48. Ne7 Ba3 49. Ng8 Bb2 50. Nh6 Ba3 51. Ng4 Bb2 52. Nf2 Bd4 53. Ne4 Bb2 54. Nc5+ Kc8 55. Kc6 Bd4 56. Nd7 Be5 57. Nxe5 fxe5 58. f6 Kd8 59. d6 cxd6 60. Kxd6 1-0

[Event "It (Open) Obrenovac SCG"]
[Site "?"]
[Date "2005.11.30"]
[Round "9"]
[White "Peev Peicho Chonev"]
[Black "Milanovic Danilo"]
[Result "0-1"]
[WhiteElo "2291"]
[BlackElo "2464"]
[PlyCount "114"]
[EventDate "2005.??.??"]
[Source "www.chesslib.no"]
[SourceDate "2004.05.04"]

1. d4 Nf6 2. c4 d6 3. Nc3 Bf5 4. f3 e5 5. d5 e4 6. Qb3 Bc8 7. Nxe4 Nxe4 8. Qe3 Bf5 9. Qf4 Bg6 10. fxe4 Qe7 11. Nf3 Qxe4 12. g3 Be7 13. Bg2 Nd7 14. Nh4 Qxf4 15. Bxf4 O-O-O 16. Nxg6 hxg6 17. h4 Bf6 18. O-O-O Rde8 19. Bf3 Nc5 20. Kc2 a5 21. Rhf1 Kb8 22. b3 Be5 23. Rh1 Bf6 24. a3 a4 25. b4 Nd7 26. Rd3 Nb6 27. c5 Nc4 28. Kb1 b5 29. cxb6 cxb6 30. Bg4 g5 31. Rc1 gxf4 32. Rxc4 fxg3 33. Rxg3 Rxh4 34. b5 Be5 35. Rf3 Rf8 36. Rh3 Rfh8 37. Rf3 Rf8 38. Rh3 Rxh3 39. Bxh3 Rh8 40. Bd7 Rh2 41. Rc8+ Kb7 42. Rf8 Rh1+ 43. Kc2 Ra1 44. Bc6+ Kc7 45. Rxf7+ Kd8 46. Rd7+ Kc8 47. Re7 Bf6 48. Re3 Be5 49. Rf3 Kd8 50. Rf7 Rxa3 51. Rb7 Rb3 52. Rxb6 Rb2+ 53. Kd3 a3 54. Ra6 a2 55. b6 Rb3+ 56. Kc4 Rxb6 57. Rxa2 Ke7 0-1

[Event "1st Open"]
[Site "Kranj"]
[Date "2004.05.13"]
[Round "8"]
[White "Jelen, Igor"]
[Black "Nikolov, Sasho"]
[Result "0-1"]
[WhiteElo "2359"]
[BlackElo "2392"]
[PlyCount "74"]
[EventDate "2004.05.07"]
[Source "Roberto Alvarez"]
[SourceDate "2004.05.10"]

1. d4 Nf6 2. c4 d6 3. Nc3 Bf5 4. f3 e5 5. e4 exd4 6. Nd5 Be6 7. Qxd4 Nc6 8. Qc3 Ne5 9. Bf4 c6 10. Ne3 Nfd7 11. Ne2 Qb6 12. Nd4 g6 13. Nxe6 fxe6 14. Be2 Bg7 15. Qd2 O-O 16. Bg3 Nc5 17. Bf2 Nxe4 18. fxe4 Bh6 19. Bg1 d5 20. cxd5 exd5 21. O-O-O dxe4 22. Kb1 Rad8 23. Qc3 Qc7 24. Rxd8 Rxd8 25. Nc4 Nd3 26. Bd4 b5 27. Na3 Qf7 28. Nc2 c5 29. Be3 Bg7 30. Qa5 Qf6 31. Qa3 b4 32. Qb3+ Kh8 33. Rf1 Qe5 34. Bxd3 exd3 35. Bf4 Qe2 36. Rc1 d2 37. Bxd2 Rxd2 0-1